[Event "Mumbai Wealth op"]
[Site "Mumbai"]
[Date "2016.02.03"]
[Round "7"]
[White "Ajinkya, Pingale"]
[Black "Antony, Jesumarian Leslie"]
[Result "1-0"]
[WhiteElo "1732"]
[BlackElo "1316"]
[PlyCount "39"]
[EventDate "2016.01.28"]
[EventType "swiss"]
[EventRounds "9"]
[EventCountry "IND"]
[SourceTitle "CBM 170 Extra"]
[Source "ChessBase"]
[SourceDate "2016.02.25"]
[SourceVersion "1"]
[SourceVersionDate "2016.02.25"]
[SourceQuality "1"]

1. e4 g6 2. Nc3 Bg7 3. f4 c5 4. Nf3 d6 5. Bc4 Nf6 6. e5 dxe5 7. fxe5 Ng4 8. Qe2 Qc7 9. Nb5 Qb6 10. Nd6+ exd6 11. exd6+ Ne5 12. Nxe5 0-0 13. Nxf7 Bd7 14. 0-0 Bb5 15. Nh6+ Kh8 16. Rxf8+ Bxf8 17. Qe6 Bxc4 18. Qe5+ Bg7 19. Qe8+ Bg8 20. Qxg8# 1-0